|
|
|
|
| LEADER |
00000nam0a2200000 4500 |
| 001 |
141117 |
| 005 |
20231031142335.0 |
| 010 |
|
|
|a 9785699222148
|
| 035 |
|
|
|a (RuTPU)RU\TPU\book\152949
|
| 090 |
|
|
|a 141117
|
| 100 |
|
|
|a 20080729d2007 m y0rusy50 ca
|
| 101 |
0 |
|
|a rus
|
| 102 |
|
|
|a RU
|
| 105 |
|
|
|a y z 000ay
|
| 200 |
1 |
|
|a Морские зомби
|e [роман]
|f С. И. Зверев
|
| 210 |
|
|
|a Москва
|c Эксмо
|d 2007
|
| 215 |
|
|
|a 315 с.
|
| 225 |
1 |
|
|a Морской спецназ
|
| 330 |
|
|
|a В северных морях барражируют не только атомные подводные лодки, но и киты-горбачи. И, похоже, им становится все теснее — киты стали нападать на лодки. Разобраться с этим странным феноменом послали научную экспедицию на субмарине капитана второго ранга Ильи Макарова по прозвищу Морской Волк. Одного горбача они изловили, и оказалось, что в мозг кита вживлен электронный чип, который воздействует на его поведение. Вскоре стало ясно, кто выпустил в море этих зомби. Американцы захватили экспедицию в плен и требуют, чтобы ученые прекратили свои изыскания. Придется Морскому Волку вспомнить боевые навыки и вызволять пленников...
|
| 610 |
1 |
|
|a русская литература
|
| 610 |
1 |
|
|a проза
|
| 610 |
1 |
|
|a приключения
|
| 610 |
1 |
|
|a боевики
|
| 675 |
|
|
|a Р2
|v 3
|
| 700 |
|
1 |
|a Зверев
|b С. И.
|g Сергей Иванович
|
| 801 |
|
1 |
|a RU
|b 63413507
|c 20080729
|g PSBO
|
| 801 |
|
2 |
|a RU
|b 63413507
|c 20080730
|g PSBO
|
| 942 |
|
|
|c BK
|